00658nam a22001697a 4500008004100000020001500041050002300056100002100079245009200100260005900192300003700251500000600288504004100294650003400335650006000369700005900429240905b |||||||| |||| 00| 0 eng d a9966469060 aHC800b.Z9T56 1994 aTimberlake Lloyd aAfrica in Crisis :bThe Causes ,the cures of Environmental BankruptcycLloyd Timberlake aNairobi :bEast African Educational Publishers,c1994. aix, 203p. :bill., maps ;c17cm. aI aIncludes Bibliographical references  aThe Population CrisiszAfrica aAid, Development And The FuturexIs There Hope?zAfrica aEdited by Tinker John and Produced by Cheney Barbara